000 01164nam a2200373 a 4500
003 AR-BaBNM
005 20251128205340.0
008 082120s2002 ||||||||||||||000 | spa||
020 _a84-7774-066-6
040 _cAR-BaBNM
100 1 _aBaghban, Marcia
245 0 0 _aLa adquisición precoz de la lectura y la escritura
_bde 0 a 3 años
260 _aMadrid
_bVisor
_c1990
300 _a157 p.
_btablas, diagr., il.
490 0 _aAprendizaje
_vv. 66
500 _aLista de figuras para los ejemplos de lenguaje escrito: p. 121
504 _aBibliografía: p. 135-157
650 4 _aDESARROLLO DEL NIÑO
650 4 _aLENGUAJE DEL NIÑO
650 4 _aESCRITURA
650 4 _aENSEÑANZA DE LA ESCRITURA
650 4 _aENSEÑANZA DE LA LECTURA
650 4 _aDESARROLLO DEL LENGUAJE
650 4 _aPSICOLOGIA DEL NIÑO
650 4 _aPRUEBAS DE LENGUAJE
653 _aEDUCACION INICIAL
653 _aPROCESO DE ENSEÑANZA-APRENDIZAJE
700 1 _aHarste, Jerome C.
_eprologuista
700 1 _aFernández, Patricia
_etraductor
800 1 _aAlvarez, Amelia
_edirector
800 1 _aDel Río, Pablo
_edirector
942 _cBK
998 _csILVI
999 _c11036
_d11036